000 00881cab a2200241 4500
001 WB3501-71
008 090401t1998 xxu||||| |||| 00| 0 eng d
035 _a(Sirsi) u90474
041 _aeng
245 _aHousing row hots up
260 _c1998
350 _a0
490 _aEstates Gazette
_v(9851) 19 December 1998, 16(1)
520 _aThe Treasury is facing calls to impose a VAT rate of 5% on new housing, and to reduce the rate for refurbishment to the same level. The CPRE backs the suggestion, hoping that it would encourage the refurbishment of existing empty property and thus reduce greenfield development.
650 _aCPRE
650 _aGREENFIELD DEVELOPMENT
650 _aHOUSE BUILDING
650 _aBUILT ENVIRONMENT-BUILDING MAINTENANCE AND REFURBISHMENT
650 _aVALUE ADDED TAX
690 _aTAXATION
942 _n0
948 _c23/12/1998
999 _c57365
_d57365